000 00749nam a22002297a 4500
003 UA-OsUOA
001 111698
007 ta
008 20150602b un ||||| |||| 00| 0 ukr d
090 _a159.923:37(082)
_bЖ74
942 _cBK
040 _aUA-OsUOA
_bukr
_cUA-OsUOA
_dUA-OsUOA
245 _aЖиттєтворчість особистості: концепція, досвід, проблеми
_bнауково-методичний збірник
_cза ред. І. Г. Єрмакова, Г. М. Несен
300 _a592 с.
955 _a1
041 _aukr
080 _a159.923:37(082)
020 _a966-8157-02-8
260 _aЗапоріжжя
_bХРБЦ
_c2006
650 7 _a159.9 Психологія
_2UDC
999 _c397702
_d397702